000 00503nam a2200181Ia 4500
005 20250326123927.0
008 250326s9999 xx 000 0 und d
037 _aTextbook
040 _aFMSL
_beng
_cFMSL
041 _aeng
_2eng
084 _aT K7
_qFMSL
100 _aGowan J C
_9736407
245 0 _aCreativity: its educational implications
_cGowan J C; Demos G D And Others
260 _aNY
_bNY, John Wiley
_c1967
300 _a336p
942 _cTB
_hT K7
999 _c1271514
_d1271514